Logo BPK

Biblioteka

Politechniki Koszalińskiej

Zbiór zadań z mechaniki technicznej / (Rekord nr 8926)

Szczegóły MARC
000 -ETYKIETA REKORDU
podpole kontrolne o stałej długości 01347nam a2200373 i 4500
001 - NUMER KONTROLNY REKORDU
pole kontrolne 8926
003 - IDENTYFIKATOR NUMERU KONTROLNEGO REKORDU
podpole kontrolne KOSZ 005
005 - DATA OSTATNIEJ MODYFIKACJI REKORDU
podpole kontrolne 20200709140438.0
008 - POLE O STAŁEJ DŁUGOŚCI - DANE KONTROLNE
podpole kontrolne o stałej długości 070620s1970 pl a f |000 0 pol
015 ## - NUMER BIBLIOGRAFII NARODOWEJ
Numer bibliografii narodowej PB 1970/6420
035 ## - NUMER SYSTEMOWY
Numer systemowy przejętego rekordu (OCoLC)839103347
040 ## - ŹRÓDŁO KATALOGOWANIA
Instytucja, która sporządziła opis WA N
Instytucja, która utworzyła rekord WA N
Instytucja, która dokonała modyfikacji KOSZ 005/EG
-- KOSZ 005/HR
041 ## - KOD JĘZYKA
Kod języka tekstu pol
046 ## - DATY KODOWANE
Pojedyncza data lub początek okresu powstania dzieła lub zbioru dzieł 1970
080 ## - UNIWERSALNA KLASYFIKACJA DZIESIĘTNA - UKD
UKD 621.01
080 ## - UNIWERSALNA KLASYFIKACJA DZIESIĘTNA - UKD
UKD 531/532
080 ## - UNIWERSALNA KLASYFIKACJA DZIESIĘTNA - UKD
UKD (076)
100 1# - NAZWA OSOBOWA
Nazwa osobowa Siuta, Władysław.
Określenie rodzaju współpracy Autor
245 10 - TYTUŁ/ODPOWIEDZIALNOŚĆ
Tytuł Zbiór zadań z mechaniki technicznej /
Pozostałe elementy strefy tytułu i oznaczenia odpowiedzialności Władysław Siuta, Stanisław Rososiński.
250 ## - STREFA WYDANIA
Oznaczenie wydania Wyd. 13 zm.
260 ## - STREFA ADRESU WYDAWNICZEGO
Miejsce wydania Warszawa :
Nazwa wydawcy/dystrybutora Państwowe Wydawnictwo Szkolnictwa Zawodowego,
Data publikacji, dystrybucji/powstania dokumentu 1970.
300 ## - STREFA OPISU FIZYCZNEGO
Objętość 150, [1] s. :
Inne cechy fizyczne il. ;
Rozmiary 23 cm.
380 ## - FORMA I TYP PUBLIKACJI
Forma i typ publikacji Książki.
388 ## - CZAS POWSTANIA
Czas powstania 1901-2000
500 ## - UWAGI OGÓLNE
Tekst uwagi Wyd. poprz. pod tyt.: Zbiór zadań z mechaniki technicznej. Cz. 1: Siuta W., cz. 2: Rososiński S.
521 8# - UWAGA DOTYCZĄCA PRZEZNACZENIA CZYTELNICZEGO
Przeznaczenie czytelnicze Książka pomocn. dla kl. 3 techników.
658 ## - TERMIN INDEKSOWY - PRZEDMIOT PROGRAMU NAUCZANIA
Główny przedmiot programu nauczania Inżynieria i technika
650 #4 - HASŁO PRZEDMIOTOWE W FORMIE NAZWY OGÓLNEJ LUB JEDNOSTKOWEJ
Nazwa ogólna lub geograficzna Mechanika stosowana
655 #4 - TERMIN INDEKSOWY - OKREŚLENIE RODZAJU/FORMY DOKUMENTU
Określenie rodzaju/formy dokumentu Ćwiczenia i zadania dla szkół zawodowych
700 1# - HASŁO DODATKOWE - NAZWA OSOBOWA
Nazwa osobowa Rososiński, Stanisław.
Określenie związku między hasłem a opisywanym materiałem Autor.
710 2# - HASŁO DODATKOWE - NAZWA CIAŁA ZBIOROWEGO
Nazwa ciała zbiorowego lub jednostki geograficznej Państwowe Wydawnictwo Szkolnictwa Zawodowego
Kod określenia powiązania pbl.
856 ## - LOKALIZACJA I DOSTĘP DO ELEKTRONICZNYCH DOKUMENTÓW ZDALNYCH
Link (URL) http://koha.tu.koszalin.pl/cgi-bin/koha/opac-detail.pl?biblionumber=8926
Tekst linku Katalog online BPK
942 ## - DODATKOWE ELEMENTY (KOHA)
Schemat klasyfikacji Uniwersalna Klasyfikacja Dziesiętna
Typ dokumentu Książka
Egzemplarze
Wycofany Status egzemplarza Uszkodzony Dostępność Lokalizacja stała Lokalizacja bieżąca Miejsce przechowywania Sygnatura Kod kreskowy Dział Typ dokumentu
      Tylko na miejscu Biblioteka Politechniki Koszalińskiej Biblioteka Politechniki Koszalińskiej Czytelnia BG 8714 01816747 621.01 Mechanika techniczna Książka
© 2023 Biblioteka Politechniki Koszalińskiej :: KOHA